000 00298nam a22001337a 4500
008 181106b xxu||||| |||| 00| 0 eng d
020 _a9780070340268
041 _aeng
080 _23 TH
_a330
100 _a58
101 _aBUS
245 _aBusiness Statistics
_cKazmier.L.J
942 _2udc
_cBK
999 _c52046
_d52046